Poor splendid wings; the Rossettis and their circle,

Saved in:
Bibliographic Details
Main Author: Winwar, Frances, 1900-1985.
Format: Book
Language:English
Published: Boston, Little, Brown, and Company, 1933.
Subjects:
Tags: Add Tag
No Tags, Be the first to tag this record!
LEADER 00761cam a2200241I 4500
001 001406357-3
005 20020606090541.3
008 720126s1933 maucf b 00010 enge
010 |a  33025225 //r44 
035 0 |a ocm00228607  |z ocm27130401 
035 0 |a ocm00228607 
040 |a DLC  |c OUN  |d m.c.  |d OCL  |d SER  |d OCL 
050 0 |a PR466  |b .W5 
082 |a 820.9 
100 1 |a Winwar, Frances,  |d 1900-1985. 
245 1 0 |a Poor splendid wings;  |b the Rossettis and their circle,  |c by Frances Winwar. 
260 0 |a Boston,  |b Little, Brown, and Company,  |c 1933. 
300 |a xii, 413 p.  |b front., plates, ports.  |c 23 cm. 
504 |a Bibliography: p. [393]-404. 
650 0 |a Pre-Raphaelitism. 
600 1 0 |a Rossetti, Dante Gabriel,  |d 1828-1882. 
988 |a 20020608 
906 |0 DLC